Normal view
MARC view
Entry Uniform Title
001 - CONTROL NUMBER
- control field: 19710
003 - CONTROL NUMBER IDENTIFIER
- control field: dpl
005 - DATE AND TIME OF LATEST TRANSACTION
- control field: 20100913123653.0
008 - FIXED-LENGTH DATA ELEMENTS
- fixed length control field: 100913|||a|||||| | ||| d
040 ## - CATALOGING SOURCE
- Original cataloging agency: dpl
- Transcribing agency: dpl
130 ## - HEADING--UNIFORM TITLE
- Uniform title: 2रा संस्क
670 ## - SOURCE DATA FOUND
- Source citation: Work cat.: (dpl)36773: हळदणकर, वैशाली 19709, बारबालाः, 2009
670 ## - SOURCE DATA FOUND
- Source citation: Work cat.: (dpl)36773: हळदणकर, वैशाली 19709, बारबालाः, 2009
